| 000 | 00541nam a22001937a 4500 | ||
|---|---|---|---|
| 003 | OSt | ||
| 005 | 20180116183007.0 | ||
| 008 | 150810b xxu||||| |||| 00| 0 eng d | ||
| 020 | _a9788131756140 | ||
| 040 | _c0 | ||
| 082 | _a650.1 REY 2011 | ||
| 100 | _aSana Reynolds | ||
| 245 |
_aGuide For Internationals _bCulture, Communication, and ESL* English as a Second Language _cSana Reynolds |
||
| 260 |
_aIndia _bPearson _c2011 |
||
| 300 |
_a119p. _bPB |
||
| 440 | _aGuide For Internationals | ||
| 600 | _aSana Reynolds | ||
| 942 |
_2ddc _cBK |
||
| 999 |
_c350106 _d350106 |
||